Τρόποι Συνεργασίας με Οικογένειες Παιδιών με Ειδικές Ανάγκες (Record no. 2315)
[ view plain ]
| 000 -LEADER | |
|---|---|
| fixed length control field | 01506cam a22001934a 4500 |
| 005 - ΗΜΕΡΟΜΗΝΙΑ ΚΑΙ ΩΡΑ ΤΕΛΕΥΤΑΙΑΣ ΕΝΗΜΕΡΩΣΗΣ | |
| Πεδίο ελέγχου | 20250605164037.0 |
| 008 - FIXED-LENGTH DATA ELEMENTS--GENERAL INFORMATION | |
| Πεδίο ελέγχου σταθερού μήκους | 250528s ||||||||||||||||||||||||d |
| 035 ## - SYSTEM CONTROL NUMBER | |
| System control number | 16863 |
| 020 ## - ISBN | |
| ISBN | 9602864788 |
| 040 ## - ΠΗΓΗ ΚΑΤΑΛΟΓΟΓΡΑΦΗΣΗΣ | |
| Φορέας πρωτότυπης καταλογογράφησης | MC Athens Campus Library |
| Γλώσσα καταλογογράφησης | Ελληνικά, Μοντέρνα (1453-) |
| Modifying agency | MC Athens Campus Library |
| Κανόνες περιγραφικής καταλογογράφησης | AACR2 |
| 245 1# - ΤΙΤΛΟΣ ΚΑΙ ΔΗΛΩΣΗ ΥΠΕΥΘΥΝΟΤΗΤΑΣ | |
| Τίτλος | Τρόποι Συνεργασίας με Οικογένειες Παιδιών με Ειδικές Ανάγκες |
| 260 ## - PUBLICATION, DISTRIBUTION, ETC. | |
| Name of publisher, distributor, etc. | Έλλην, |
| Date of publication, distribution, etc. | 2008 |
| 300 ## - PHYSICAL DESCRIPTION | |
| Extent | 356 |
| 520 ## - SUMMARY, ETC. | |
| Summary, etc. | Εννοιολογικά Πλαίσια Εργασίας για το Συνεταιριστικό Μοντέλο, Το Ξεκίνημα, Οι Απόψεις και οι Στάσεις του Γονέα, Επικοινωνία και Διαπραγμάτευση, Πλαίσια Εργασίας για την Κατανόηση της Οικογένειας, Δουλεύοντας με Ολόκληρη την Οικογένεια, Αξιολόγηση των Οικογενειακών Αναγκών, Συμμετέχοντας σε Υπηρεσίες που Σχετίζονται με την Παιδική Ανάπτυξη, Πληροφόρηση και Έλεγχος, Το KIDS Family Centre: Ένα Πρότυπο Παροχής Υπηρεσιών, Νομοθεσία και Μοντέλο του Συνεταιρισμού, Οργανωτικά Θέματα, Κοιτάζοντας Πίσω και Κοιτάζοντας Μπροστά, Βιβλιογραφία. |
| 700 1# - ΠΡΟΣΘΕΤΗ ΑΝΑΓΡΑΦΗ--ΦΥΣΙΚΟ ΠΡΟΣΩΠΟ | |
| Personal name | Dale Naomi |
| 9 (RLIN) | 2948 |
| 942 ## - ADDED ENTRY ELEMENTS (KOHA) | |
| Koha item type | Books |
| Τύπος τεκμηρίου | Βιβλιοθήκη | Τρέχουσα τοποθεσία | Barcode | Αριθμός εισαγωγής | Ημερομηνία απόκτησης | Ταξιθετικό σύμβολο | Αριθμός αντιτύπου | Κατάσταση απόσυρσης | Κατάσταση χαμένου | Κατάσταση κατεστραμμένου | Μη δανεισμός | Σύνολο δανεισμών | Ημερομηνία τελευταίας εμφάνισης | Η τιμή ισχύει από |
|---|---|---|---|---|---|---|---|---|---|---|---|---|---|---|
| Books | MC Athens Campus Library | MC Athens Campus Library | 9780000023148 | 5481 | 05/06/2025 | 362.408 3 DAL | 2 | 05/06/2025 | 05/06/2025 |